La tiranía en Chile: libro escrito en el destierro en 1928

Kaydedildi:
Detaylı Bibliyografya
Yazar: Vicuña Fuentes, Carlos (Yazar)
Materyal Türü: Kitap
Dil:İspanyolca
Baskı/Yayın Bilgisi: Santiago Lom 2002
Seri Bilgileri:Colección Clásicos del Siglo XIX y XX
Konular:
Etiketler: Etiketle
Etiket eklenmemiş, İlk siz ekleyin!

MARC

LEADER 00000nam a2200000 a 4500
001 UCM6360
003 CL-VaPUC
008 021108e20020100CL |||||||||||||||||spa|d
082 0 4 |a 320.983  |b VIC  |2 21 
100 0 |a Vicuña Fuentes, Carlos  |e author  |9 472156 
245 1 3 |a La tiranía en Chile: libro escrito en el destierro en 1928 
300 |a v 
942 |c BK 
945 |d 20021108 00:00:00  |a vberengu 
260 |a Santiago  |b Lom  |c 2002 
600 0 7 |a VICUÑA FUENTES, CARLOS 1886-1977  |2 CL-VaPUC  |9 472157 
650 7 |a POLITICA Y GOBIERNO 1824-1931  |2 CL-VaPUC  |9 325834 
650 7 |a HISTORIA DE CHILE 1824-1931  |2 CL-VaPUC  |9 472158 
651 7 |a CHILE  |2 CL-VaPUC  |9 472159 
583 |a last modification  |c 20021108 00:00:00  |k Rodrigo Vera 
490 0 |a Colección Clásicos del Siglo XIX y XX 
999 |c 301771  |d 301769 
952 |0 0  |1 0  |4 0  |6 320_983000000000000_VIC_2002  |7 0  |8 A  |9 361390  |a BIBHIS  |b BIBHIS  |d 2019-11-21  |h v.1  |i 3858650  |o 320.983 VIC 2002  |p 3858650  |r 2025-01-20  |w 2019-11-21  |y BK  |k HIS 
952 |0 0  |1 0  |4 0  |6 320_983000000000000_VIC_2002  |7 0  |8 A  |9 361391  |a BIBHIS  |b BIBHIS  |d 2019-11-21  |h v.1  |i 3858669  |o 320.983 VIC 2002  |p 3858669  |r 2025-01-20  |w 2019-11-21  |y BK  |k HIS